Catálogo
 En Linea

Sherlock Holmes : (Registro nro. 43506)

Detalles MARC
000 -CABECERA
campo de control de longitud fija 00683nam a2200193 a 4500
001 - NÚMERO DE CONTROL
campo de control 000044017
005 - FECHA Y HORA DE LA ÚLTIMA TRANSACCIÓN
campo de control 20240305135616.0
008 - DATOS DE LONGITUD FIJA--INFORMACIÓN GENERAL
campo de control de longitud fija 140513s1991 sp 000 0 spa d
020 ## - NÚMERO INTERNACIONAL ESTÁNDAR DEL LIBRO
Número Internacional Estándar del Libro 8479691093
040 ## - FUENTE DE LA CATALOGACIÓN
Centro catalogador/agencia de origen DO-SdBNP
Lengua de catalogación spa
Centro/agencia transcriptor BNPHU
082 ## - NÚMERO DE LA CLASIFICACIÓN DECIMAL DEWEY
Número de clasificación xxxx
Número de documento/Ítem xxxx
100 1# - ENTRADA PRINCIPAL--NOMBRE DE PERSONA
Nombre de persona Doyle, Arthur Conan,
Fechas asociadas al nombre 1859-1930
9 (RLIN) 13006
245 10 - MENCIÓN DE TÍTULO
Título Sherlock Holmes :
Resto del título Escándalo en Bohemia /
Mención de responsabilidad, etc. Arthur Conan Doyle ; traducción, Juan Manuel Ibeas.
260 ## - PUBLICACIÓN, DISTRIBUCIÓN, ETC.
Lugar de publicación, distribución, etc. [Madrid] :
Nombre del editor, distribuidor, etc. Compañía Europea de Comunicación e Información,
Fecha de publicación, distribución, etc. 1991.
300 ## - DESCRIPCIÓN FÍSICA
Extensión 93 p. ;
Dimensiones 19 cm.
490 1# - MENCIÓN DE SERIE
Mención de serie Biblioteca de El Sol
Designación de volumen o secuencia 90
700 12 - PUNTO DE ACCESO ADICIONAL--NOMBRE DE PERSONA
Nombre de persona Ibeas Delgado, Juan Manuel
Término indicativo de función/relación tr.
9 (RLIN) 71993
830 #0 - PUNTO DE ACCESO ADICIONAL DE SERIE-TÍTULO UNIFORME
Título uniforme Biblioteca de El Sol ;
Número de parte o sección de la obra 90
9 (RLIN) 71994
Existencias
Estado de retiro Estado de pérdida Restricciones de uso No para préstamo Código de colección Localización permanente Ubicación/localización actual Ubicación en estantería Fecha de adquisición Número de inventario Total de préstamos Signatura topográfica completa Código de barras Fecha visto por última vez Precio válido a partir de Tipo de ítem Koha
      Excluido de préstamo Monografías: Libros y Folletos General General En catalogación 13.05.2014 LF1   xxxx xxxx 44017-10 25.06.2020 25.06.2020 No se presta

Con tecnología Koha